banner koha

Designacao de Lectotipos de onze especies de vespas sociais descritas por Adolpho Ducke, e notas sobre a colecao Ducke (Hymenoptera: Vespidae) (Registro n. 269202)

MARC details
000 -LÍDER
campo de controle de tamanho fixo 00936nac a22002657a 4500
001 - NÚMERO DE CONTROLE
campo de controle BR7902134
003 - IDENTIFICADOR DO NÚMERO DE CONTROLE
campo de controle BR-BrBNA
005 - DATA E HORÁRIO DA ÚLTIMA TRANSAÇÃO
campo de controle 20240105114418.0
008 - CAMPO DE DADOS FIXOS--INFORMAÇÃO GERAL
campo de controle de tamanho fixo 230509b bl.|||m| |||| 00| 0 por d
040 ## - FONTE DA CATALOGAÇÃO
Instituição da catalogação original BR-BrBNA
Idioma da catalogação por
Instituição que transcreveu o registro Biblioteca Nacional de Agricultura
072 ## - CÓDIGO DE CATEGORIA DE ASSUNTO
Código de Categoria de Assunto L60; L40
090 ## - NÚMERO DE CHAMADA LOCAL
Número de chamada 7900 BR7902134
100 1# - ENTRADA PRINCIPAL--NOME PESSOAL
Nome pessoal Overal, W.L.
110 1# - ENTRADA PRINCIPAL--NOME CORPORATIVO
Nome corporativo ou nome da jurisdição Museu Paraense Emilio Goeldi, Belem, PA (Brasil)
245 1# - TÍTULO
Título Designacao de Lectotipos de onze especies de vespas sociais descritas por Adolpho Ducke, e notas sobre a colecao Ducke (Hymenoptera: Vespidae)
260 3# - PUBLICAÇÃO, DISTRIBUIÇÃO, ETC.
Local de publicação, distribuição, etc. Belem, PA (Brasil):
Data da publicação, distribuição, etc. 1978.
300 ## - DESCRIÇÃO FÍSICA
Extensão 14 p.
490 ## - TÍTULO DA SÉRIE
Título da série Boletim do Museu Paraense Emilio Goeldi. Nova Serie. Zoologia (Brazil)
Número do volume ou designação sequencial da série no. 94
ISSN - International Standard Serial Number ISSN 0077-2332
500 ## - NOTA GERAL
Nota geral Summaries (En, Pt); 14 ref.
650 ## - ASSUNTO--TERMO TÓPICO
Cabeçalho tópico ou nome geográfico TAXONOMIA ANIMAL
650 ## - ASSUNTO--TERMO TÓPICO
Cabeçalho tópico ou nome geográfico VESPA
650 ## - ASSUNTO--TERMO TÓPICO
Cabeçalho tópico ou nome geográfico INSETO
909 ## -
-- 202312
-- Lúcia Elande
-- 55
-- Lúcia Elande
942 ## - ELEMENTOS DE ENTRADA ADICIONADOS (KOHA)
Fonte da classificação ou esquema de arquivamento na estante Classificação AGRIS
Ocultar no OPAC Não
Tipo de material Koha Monografia Seriada
Exemplares
Situação do descarte Fonte da classificação ou esquema de arquivamento na estante Situação física Não pode ser emprestado Coleção Biblioteca de origem Biblioteca atual Localização na estante Total de empréstimos Número de telefone completo Código de barras Data de último acesso Tipo de material Koha Fonte de aquisição
  Classificação AGRIS       Biblioteca Nacional de Agricultura - Binagri Biblioteca Nacional de Agricultura - Binagri Agrobase - Acervo Geral   7900 BR7902134 7900 BR7902134 18/12/2023 Monografia Seriada Portaria Interministerial nº 164/94

BINAGRI

Telefone: (61)3218-2567/2388/3357/2097 - binagri@agro.gov.br

Ministério da Agricultura e Pecuária , Esplanada dos Ministérios, Bloco D, Anexo B, Brasília/DF, CEP: 70.043-900